Actor by Character Quiz Stats

 Plays Quiz not verified by Sporcle

Also try: ER Characters
Challenge
Share
Tweet
Embed
Score 0/15 Timer 10:00
0 Plays Today
Character Actor % Correct
Chandler BingMatthew Perry
91.7%
Shawn SpencerJames Roday
66.7%
Kelly KapowskiTiffani-Amber Thiessen
66.7%
Jason TeagueJensen Ackles
58.3%
CastielMisha Collins
50%
Alaric SaltzmanMatt Davis
50%
The Doctor (New Who)David Tennant
50%
Sam WinchesterJared Padalecki
50%
Character Actor % Correct
Stefan SalvatorePaul Wesley
50%
Juliet O'HaraMaggie Lawson
50%
Adam KnightIan Somerhalder
41.7%
AlecJensen Ackles
41.7%
NormalJ.C. MacKenzie
41.7%
Michael WestenJeffrey Donovan
41.7%
Bobby SingerJim Beaver
41.7%

You're not logged in!

Compare scores with friends on all Sporcle quizzes.
OR
Log In

You Might Also Like...

Show Comments

Extras

Created Oct 13, 2011ReportNominate
Tags:Actor Quiz, Show Quiz, character

Top Quizzes Today


Score Distribution

Your Account Isn't Verified!

In order to create a playlist on Sporcle, you need to verify the email address you used during registration. Go to your Sporcle Settings to finish the process.

Report this User

Report this user for behavior that violates our Community Guidelines.

Details: